000 02693cam a2200397 i 4500
001 677
003 MYCC
005 20260127155339.0
008 240521s2024 nyu b 001 0 eng
020 _a9781250337740
_qhardback
020 _z9781250337757
_qebook
040 _aDLC
_beng
_erda
_cDLC
_dDLC
_dMYCC
082 0 0 _a006.3
_223
090 0 0 _a006.3
_bOLS
100 1 _aOlson, Parmy,
_eauthor.
245 1 0 _aSupremacy :
_bAI, ChatGPT, and the Race That Will Change the World /
_cParmy Olson.
246 3 _aArtificial Intelligence, ChatGPT, and the Race That Will Change the World /
250 _aFirst edition.
264 1 _aNew York :
_bSt. Martin's Press,
_c2024.
264 4 _c©2024
300 _axiii, 320 pages ;
_c22 cm
336 _atext
_btxt
_2rdacontent
337 _aunmediated
_bn
_2rdamedia
338 _avolume
_bnc
_2rdacarrier
504 _aIncludes bibliographical references (pages 295-308) and index.
520 _a"In November of 2022, a webpage was posted online with a simple text box. It was an AI chatbot called ChatGPT, and was unlike any app people had used before. It was more human than a customer service agent, more convenient than a Google search. Behind the scenes, battles for control and prestige between the world's two leading AI firms, OpenAI and DeepMind, who now steers Google's AI efforts, has remained elusive - until now. In Supremacy, Olson, tech writer at Bloomberg, tells the astonishing story of the battle between these two AI firms, their struggles to use their tech for good, and the hazardous direction they could go as they serve two tech monopolies whose power is unprecedented in history. The story focuses on the continuing rivalry of two key CEOs at the center of it all, who cultivated a religion around their mission to build god-like super intelligent machines: Sam Altman, CEO of OpenAI, and Demis Hassabis, the CEO of DeepMind. Supremacy sharply alerts readers to the real threat of artificial intelligence that its top creators are ignoring: the profit-driven spread of flawed and biased technology into industries, education, media and more. With exclusive access to a network of high-ranking sources, Parmy Olson uses her 13 years of experience covering technology to bring to light the exploitation of the greatest invention in human history, and how it will impact us all"--
_cProvided by publisher.
600 1 0 _aAltman, Sam,
_d1985-
600 1 0 _aHassabis, Demis,
_d1976-
610 2 0 _aOpenAI (Firm)
610 2 0 _aGoogle DeepMind (Firm)
630 0 0 _aChatGPT.
650 0 _aArtificial intelligence
_xSocial aspects.
653 0 _aArtificial intelligence
653 0 _aComputers and society
942 _2ddc
_cBK
999 _c677
_d677